Little change in the cultural divide (Record no. 78092)
[ view plain ]
| 000 -LEADER | |
|---|---|
| fixed length control field | 00944cab a2200205 4500 |
| 001 - CONTROL NUMBER | |
| control field | L135992 |
| 008 - FIXED-LENGTH DATA ELEMENTS--GENERAL INFORMATION | |
| fixed length control field | 061221n2006 000 0 eng u |
| 035 ## - SYSTEM CONTROL NUMBER | |
| System control number | (Sirsi) u135992 |
| 041 0# - LANGUAGE CODE | |
| Language code of text/sound track or separate title | eng |
| 100 1# - MAIN ENTRY--PERSONAL NAME | |
| Personal name | Imrie, Rob |
| 245 00 - TITLE STATEMENT | |
| Title | Little change in the cultural divide |
| 260 ## - PUBLICATION, DISTRIBUTION, ETC. | |
| Date of publication, distribution, etc. | 2006 |
| 490 #0 - SERIES STATEMENT | |
| Series statement | Town & Country Planning |
| Volume/sequential designation | 75(12) December 2006, 364-366(3) |
| 520 ## - SUMMARY, ETC. | |
| Summary, etc. | Discusses the Urban Task Force's pronouncement about a development culture amongst various built environment professionals characterised by professional divides and differences, and an absence of team working. Discusses a recent postal survey of what architects think about regulation and planning control which shows that there is a long way to go in breaking down some of the traditional professional attitudes and barriers. |
| 590 ## - LOCAL NOTE (RLIN) | |
| Local note | KA |
| 651 #4 - SUBJECT ADDED ENTRY--GEOGRAPHIC NAME | |
| Geographic name | United Kingdom |
| Chronological subdivision | |
| 690 ## - LOCAL SUBJECT ADDED ENTRY--TOPICAL TERM (OCLC, RLIN) | |
| Topical term or geographic name as entry element | Planning and development |
| 9 (RLIN) | 6259 |
| 700 1# - ADDED ENTRY--PERSONAL NAME | |
| Personal name | Street, Emma |
| 942 ## - ADDED ENTRY ELEMENTS (KOHA) | |
| Suppress in OPAC | 0 |
| Withdrawn status | Lost status | Source of classification or shelving scheme | Damaged status | Not for loan | Home library | Current library | Shelving location | Date acquired | Total Checkouts | Full call number | Barcode | Date last seen | Copy number | Price effective from | Koha item type |
|---|---|---|---|---|---|---|---|---|---|---|---|---|---|---|---|
| Dewey Decimal Classification | London | London | Journal article | 21/12/2006 | L135992 | 135992-1001 | 06/08/2019 | 1 | 06/08/2019 | Journal article | |||||
| Dewey Decimal Classification | London | London | Journal article | 21/12/2006 | L135992 | 135992-1002 | 06/08/2019 | 2 | 06/08/2019 | Journal article |